000
00317nam a2200145Ia 4500
100
_a
Swalum/ H.L.
650
_a
Electrical Engineering
942
_c
BK
654
_a
Television
245
_a
Introd. to T.V. servicing
260
_b
Philips
_a
Bombay
_c
1976
082
_a
621.38
300
_a
272
546
_a
ENGLISH
999
_c
24266
_d
24266